[Event "Ukraine Championship"]
[Site "Kiev UKR"]
[Date "2011.06.17"]
[Round "7"]
[White "Moiseenko, Alexander"]
[Black "Korobov, Anton"]
[Result "1-0"]
[WhiteElo "2679"]
[BlackElo "2660"]
[PlyCount "159"]
[EventDate "2011.??.??"]

1. d4 d5 2. c4 c6 3. Nf3 Nf6 4. Nc3 dxc4 5. a4 Bf5 6. Nh4 Bd7 7. e4 e6 8. Bxc4
Nxe4 9. Nxe4 Qxh4 10. Qf3 Bb4+ 11. Kf1 h6 12. Bf4 O-O 13. Be5 f5 14. Ng3 Qg4
15. Nh5 Qxf3 16. gxf3 g6 17. Nf4 Kf7 18. Rg1 Rg8 19. Nd3 Bf8 20. b4 Bc8 21. Re1
Nd7 22. Bd6 Nb6 23. Ne5+ Ke8 24. Bxf8 Kxf8 25. Rxg6 Rxg6 26. Nxg6+ Kg7 27. Ne5
Nxa4 28. Ke2 a5 29. Rg1+ Kh7 30. bxa5 Rxa5 31. Ng6 b5 32. Bb3 Ra8 33. Kd2 c5
34. d5 c4 35. Bxa4 bxa4 36. Nf8+ Kh8 37. dxe6 Bb7 38. e7 a3 39. Nd7 Bc6 40. Nf6
c3+ 41. Kxc3 a2 42. Kb2 a1=Q+ 43. Rxa1 Rb8+ 44. Kc3 Kg7 45. Nh5+ Kf7 46. Ra7
Re8 47. Ng3 Rxe7 48. Rxe7+ Kxe7 49. Nxf5+ Kf6 50. Nd4 Bd7 51. Kd3 Ke5 52. Ke3
Be8 53. f4+ Kf6 54. Ke4 Ba4 55. h4 Be8 56. f5 Bd7 57. Kf4 Ba4 58. Ne2 Be8 59.
Ng3 Bf7 60. Ne4+ Kg7 61. Ke5 Bb3 62. Nd6 Ba2 63. f6+ Kg6 64. h5+ Kh7 65. f7 Kg7
66. Nf5+ Kxf7 67. Nxh6+ Kg7 68. Nf5+ Kf7 69. Kf4 Kf6 70. Ne3 Bb3 71. Ng4+ Kg7
72. Kg5 Ba2 73. f4 Bb3 74. Ne5 Ba2 75. f5 Bb1 76. Ng6 Ba2 77. h6+ Kh7 78. Nf8+
Kg8 79. h7+ Kh8 80. Kh6 1-0

[Event "Ukraine Championship"]
[Site "Kiev UKR"]
[Date "2011.06.18"]
[Round "8"]
[White "Areshchenko, Alexander"]
[Black "Efimenko, Zahar"]
[Result "0-1"]
[WhiteElo "2694"]
[BlackElo "2701"]
[PlyCount "104"]
[EventDate "2011.??.??"]

1. e4 e5 2. Nf3 Nc6 3. Bb5 a6 4. Ba4 Nf6 5. d3 d6 6. c3 g6 7. O-O Bg7 8. Re1
O-O 9. Nbd2 b5 10. Bb3 Na5 11. Bc2 c5 12. Nf1 h6 13. Bd2 Nc6 14. a4 Be6 15. Ne3
Qd7 16. Bb3 Rfb8 17. Bxe6 Qxe6 18. h3 c4 19. Qe2 Na5 20. axb5 axb5 21. Rad1 Rc8
22. Bc1 Rab8 23. dxc4 bxc4 24. Nd5 Nd7 25. Nb4 Nc6 26. Nd5 Ne7 27. Nxe7+ Qxe7
28. Be3 Nf6 29. Qc2 Rc6 30. Re2 Qb7 31. Bc1 Qb3 32. Qxb3 cxb3 33. Ne1 Ne8 34.
Nd3 f5 35. Nb4 Rcc8 36. f4 Kf7 37. fxe5 dxe5 38. exf5 gxf5 39. Rf1 Kg6 40. Nd5
Rb7 41. Ne3 Nd6 42. Rd1 Rc6 43. Nf1 Ra6 44. Nd2 Bf6 45. Nf3 e4 46. Nd4 Ra1 47.
Ne6 Nc4 48. Nf4+ Kf7 49. Rf1 Bg5 50. Ree1 Nxb2 51. g4 Nc4 52. gxf5 Bxf4 0-1

[Event "Ukraine Championship"]
[Site "Kiev UKR"]
[Date "2011.06.18"]
[Round "8"]
[White "Eljanov, Pavel"]
[Black "Kryvoruchko, Yuriy"]
[Result "1-0"]
[WhiteElo "2712"]
[BlackElo "2640"]
[PlyCount "121"]
[EventDate "2011.??.??"]

1. d4 Nf6 2. c4 e6 3. Nf3 b6 4. g3 Bb7 5. Bg2 Be7 6. Nc3 Ne4 7. Bd2 O-O 8. O-O
d5 9. cxd5 exd5 10. Qc2 Nd7 11. Rfd1 c5 12. Be3 Bf6 13. dxc5 Nxc3 14. bxc3 Nxc5
15. Bxc5 bxc5 16. e4 Qa5 17. exd5 Rad8 18. Rab1 Bxd5 19. Ng5 Bxg5 20. Bxd5 Bf6
21. c4 Rb8 22. Kg2 Qc7 23. Re1 g6 24. Re3 Kg7 25. Reb3 Rb6 26. Rxb6 axb6 27.
Qb3 Bd8 28. Qb2+ Kg8 29. Re1 Qd7 30. Re3 h5 31. h4 Kh7 32. Qe5 f5 33. f4 Bf6
34. Qe6 Qa7 35. Re2 Kg7 36. Qc6 Rd8 37. Kh3 Rf8 38. Re6 Qb8 39. Qd7+ Kh6 40.
Rc6 Qd8 41. Qe6 Qe7 42. Qxe7 Bxe7 43. Rxb6 Rf6 44. Rb7 Bf8 45. Ra7 Rb6 46. Kg2
Bg7 47. Kf3 Rb2 48. Ke3 Rb8 49. Kd3 Rb1 50. Kc2 Rg1 51. Ra3 Bd4 52. Rf3 Kg7 53.
Kb3 Kf6 54. Ka4 Rb1 55. Rb3 Ra1 56. a3 Ke7 57. Kb5 Kd6 58. Kb6 Ke7 59. Bc6 Kd6
60. a4 Bf6 61. Rd3+ 1-0

[Event "Ukraine Championship"]
[Site "Kiev UKR"]
[Date "2011.06.18"]
[Round "8"]
[White "Ponomariov, Ruslan"]
[Black "Vysochin, Spartak"]
[Result "1-0"]
[WhiteElo "2754"]
[BlackElo "2529"]
[PlyCount "57"]
[EventDate "2011.??.??"]

1. c4 e5 2. Nc3 Bb4 3. Nd5 Bc5 4. Nf3 c6 5. Nc3 Qe7 6. d4 exd4 7. Nxd4 Nf6 8.
Nf5 Qf8 9. Be3 Bxe3 10. Nxe3 Qe7 11. Qd4 O-O 12. O-O-O Na6 13. Nf5 Qc5 14. Nd6
Qa5 15. e3 Nc5 16. Bd3 Nxd3+ 17. Rxd3 b6 18. h4 Ba6 19. Rh3 Ne8 20. Rg3 g6 21.
Rg5 Qb4 22. Nce4 f5 23. a3 Qe1+ 24. Rd1 Qe2 25. Ng3 Qxf2 26. Ngxf5 Nf6 27. Ne4
c5 28. Nxf6+ Kh8 29. Qxd7 1-0

[Event "Ukraine Championship"]
[Site "Kiev UKR"]
[Date "2011.06.18"]
[Round "8"]
[White "Volokitin, Andrei"]
[Black "Moiseenko, Alexander"]
[Result "1/2-1/2"]
[WhiteElo "2677"]
[BlackElo "2679"]
[PlyCount "83"]
[EventDate "2011.??.??"]

1. e4 c5 2. Nf3 Nc6 3. d4 cxd4 4. Nxd4 Nf6 5. Nc3 e5 6. Ndb5 d6 7. Bg5 a6 8.
Na3 b5 9. Bxf6 gxf6 10. Nd5 f5 11. g3 fxe4 12. Bg2 Be6 13. Bxe4 Bg7 14. Qh5 Rc8
15. c3 Ne7 16. Rd1 Nxd5 17. Bxd5 Bxd5 18. Rxd5 Rc5 19. Rxc5 dxc5 20. O-O Qd2
21. Qd1 Qxd1 22. Rxd1 Ke7 23. c4 b4 24. Nc2 Rd8 25. Rxd8 Kxd8 26. g4 e4 27. b3
Ke7 28. f4 exf3 29. Kf2 Ke6 30. Kxf3 Ke5 31. h4 Bf6 32. g5 Bd8 33. Kg4 f6 34.
Ne3 fxg5 35. hxg5 Kd4 36. Nd5 a5 37. Kf5 a4 38. bxa4 Kxc4 39. Nf6 b3 40. axb3+
Kxb3 41. Nxh7 Bxg5 42. Nxg5 1/2-1/2

[Event "Ukraine Championship"]
[Site "Kiev UKR"]
[Date "2011.06.19"]
[Round "9"]
[White "Efimenko, Zahar"]
[Black "Ponomariov, Ruslan"]
[Result "1/2-1/2"]
[WhiteElo "2701"]
[BlackElo "2754"]
[PlyCount "37"]
[EventDate "2011.??.??"]

1. e4 e5 2. Nf3 Nc6 3. Bb5 Nf6 4. O-O Nxe4 5. d4 Nd6 6. Bxc6 dxc6 7. dxe5 Nf5
8. Qxd8+ Kxd8 9. Nc3 h6 10. b3 Be6 11. Bb2 c5 12. Rad1+ Kc8 13. Nd5 g5 14. h3
b6 15. c4 Kb7 16. g4 Ne7 17. Kg2 b5 18. Kg3 bxc4 19. bxc4 1/2-1/2

[Event "Ukraine Championship"]
[Site "Kiev UKR"]
[Date "2011.06.19"]
[Round "9"]
[White "Vysochin, Spartak"]
[Black "Eljanov, Pavel"]
[Result "1/2-1/2"]
[WhiteElo "2529"]
[BlackElo "2712"]
[PlyCount "84"]
[EventDate "2011.??.??"]

1. e4 c5 2. c3 Nf6 3. e5 Nd5 4. Nf3 Nc6 5. d4 cxd4 6. cxd4 d6 7. Bc4 Nb6 8. Bb5
Bd7 9. Nc3 dxe5 10. dxe5 g6 11. O-O Bg7 12. Qe2 O-O 13. Bf4 a6 14. Bxc6 Bxc6
15. Rfd1 Nd5 16. Nxd5 Bxd5 17. Qe3 e6 18. Bh6 Rc8 19. Rd4 Rc4 20. Rxc4 Bxc4 21.
a3 Bd5 22. Bxg7 Kxg7 23. Rc1 Bxf3 24. gxf3 Qe7 25. Rc4 Rd8 26. Kg2 Rd5 27. Rd4
Qc5 28. Rxd5 Qxe3 29. fxe3 exd5 30. Kf2 g5 31. Ke2 Kg6 32. Kd3 Kf5 33. Kd4 Ke6
34. e4 dxe4 35. Kxe4 f5+ 36. exf6 Kxf6 37. Kd5 Kf5 38. Kc5 Kf4 39. Kb6 Kxf3 40.
Kxb7 Kg2 41. Kxa6 Kxh2 42. b4 g4 1/2-1/2

[Event "Ukraine Championship"]
[Site "Kiev UKR"]
[Date "2011.06.20"]
[Round "10"]
[White "Areshchenko, Alexander"]
[Black "Moiseenko, Alexander"]
[Result "0-1"]
[WhiteElo "2694"]
[BlackElo "2679"]
[PlyCount "98"]
[EventDate "2011.??.??"]

1. e4 c5 2. Nf3 Nc6 3. Bb5 d6 4. O-O Bd7 5. Re1 Nf6 6. c3 a6 7. Bf1 Bg4 8. d4
cxd4 9. cxd4 e5 10. d5 Nd4 11. Be3 Nxf3+ 12. gxf3 Bd7 13. a4 Be7 14. Nd2 O-O
15. Nc4 Nh5 16. Nb6 Rb8 17. Kh1 Be8 18. a5 Bg5 19. Bd3 Nf4 20. Rg1 f6 21. b4
Bh5 22. Rg3 Rf7 23. Qd2 g6 24. Rag1 Kh8 25. Bf1 Qe7 26. Qd1 Bh4 27. Bxf4 exf4
28. R3g2 Qxe4 29. Rg4 Bxg4 30. Rxg4 Qxb4 31. Rxh4 g5 32. Rg4 Qxa5 33. Qd4 Re8
34. Rxg5 Re1 35. Rg1 Qa1 36. Qd3 Rg7 37. Nc8 Qd1 38. Qxd1 Rxg1+ 39. Kxg1 Rxd1
40. Nxd6 b5 41. Ne4 Rxd5 42. Nxf6 Rg5+ 43. Kh1 a5 44. Ne4 Re5 45. Bd3 a4 46.
Bc2 Re7 47. Nc3 a3 48. Bb3 Re1+ 49. Kg2 b4 0-1

[Event "Ukraine Championship"]
[Site "Kiev UKR"]
[Date "2011.06.20"]
[Round "10"]
[White "Eljanov, Pavel"]
[Black "Efimenko, Zahar"]
[Result "1/2-1/2"]
[WhiteElo "2712"]
[BlackElo "2701"]
[PlyCount "137"]
[EventDate "2011.??.??"]

1. c4 e5 2. g3 Nc6 3. Bg2 g6 4. Nc3 Bg7 5. d3 d6 6. Rb1 Nf6 7. b4 O-O 8. b5 Ne7
9. Nf3 a6 10. a4 axb5 11. axb5 d5 12. Nd2 Be6 13. O-O c6 14. Bb2 Nd7 15. bxc6
bxc6 16. cxd5 cxd5 17. Nb5 f5 18. Nf3 Kh8 19. Ba3 Bg8 20. Qd2 Rf6 21. Bd6 e4
22. Bc7 Qe8 23. Ne5 Re6 24. Nxd7 Qxd7 25. dxe4 fxe4 26. Bf4 Rb6 27. Nd4 Rxb1
28. Rxb1 Nc6 29. Bh3 Qxh3 30. Nxc6 Qc8 31. Rc1 Qd7 32. Be5 Rc8 33. Bxg7+ Qxg7
34. e3 Qf6 35. Nd4 Rxc1+ 36. Qxc1 Kg7 37. Qc7+ Bf7 38. h4 h5 39. Kg2 Kg8 40.
Qb8+ Kg7 41. Qc7 Kg8 42. Qc8+ Kg7 43. Qd7 Kg8 44. Qc7 Kg7 45. Kg1 Kg8 46. Nc6
Kg7 47. Ne5 Kg8 48. Nd7 Qf5 49. Qd6 Be6 50. Nc5 Bf7 51. Qe7 Kh7 52. Nb7 Kg8 53.
Nd6 Qf3 54. Qe5 Qd1+ 55. Kh2 Qf3 56. Qf4 Qxf4 57. gxf4 Be6 58. Kg3 Kg7 59. Nb5
Kf6 60. Kg2 Bd7 61. Nd4 Ke7 62. f3 exf3+ 63. Kxf3 Bg4+ 64. Kf2 Kd6 65. Ke1 Kc5
66. Kd2 Kc4 67. Nc6 Bf5 68. Ne5+ Kb4 69. Nc6+ 1/2-1/2

[Event "Ukraine Championship"]
[Site "Kiev UKR"]
[Date "2011.06.20"]
[Round "10"]
[White "Ponomariov, Ruslan"]
[Black "Kovchan, Alexander"]
[Result "1-0"]
[WhiteElo "2754"]
[BlackElo "2558"]
[PlyCount "93"]
[EventDate "2011.??.??"]

1. d4 Nf6 2. c4 g6 3. Nc3 d5 4. cxd5 Nxd5 5. e4 Nxc3 6. bxc3 Bg7 7. Bc4 c5 8.
Ne2 O-O 9. O-O Nc6 10. Be3 Na5 11. Bd3 b6 12. Rc1 e5 13. dxc5 Be6 14. c4 bxc5
15. Bxc5 Bh6 16. f4 Re8 17. Bf2 exf4 18. Nd4 Bg7 19. Be2 f3 20. Nxf3 Rc8 21. c5
Bxa2 22. Ba6 Qxd1 23. Rfxd1 Bb2 24. Bxc8 Rxc8 25. Ra1 Bb3 26. Rxa5 Bxd1 27.
Rxa7 Bc3 28. Ng5 Bb4 29. Nxf7 Bxc5 30. Nh6+ Kh8 31. Bxc5 Rxc5 32. h3 Rh5 33.
Nf7+ Kg8 34. Kf2 Bb3 35. Nd6 Rc5 36. Kf3 h5 37. Rb7 Be6 38. Ne8 Rc3+ 39. Kf4
Kf8 40. Nf6 g5+ 41. Ke5 Bc8 42. Rh7 g4 43. h4 Ba6 44. Rxh5 Rg3 45. Rh8+ Kf7 46.
Rh7+ Kf8 47. Rc7 1-0

[Event "Ukraine Championship"]
[Site "Kiev UKR"]
[Date "2011.06.21"]
[Round "11"]
[White "Efimenko, Zahar"]
[Black "Kryvoruchko, Yuriy"]
[Result "1-0"]
[WhiteElo "2701"]
[BlackElo "2640"]
[PlyCount "97"]
[EventDate "2011.??.??"]

1. e4 c5 2. Nf3 e6 3. Nc3 Nc6 4. Bb5 Nge7 5. O-O a6 6. Bxc6 Nxc6 7. d4 cxd4 8.
Nxd4 Qc7 9. Re1 Bd6 10. Nxc6 dxc6 11. f4 e5 12. f5 b5 13. Qf3 f6 14. Be3 Bb7
15. Qf2 Bb4 16. Bb6 Qf7 17. Red1 Qc4 18. Rd3 O-O 19. b3 Qf7 20. Rad1 Bxc3 21.
Rxc3 c5 22. Bxc5 Rfd8 23. Rcd3 Rxd3 24. cxd3 a5 25. h3 b4 26. Kh2 h6 27. Qe3
Qd7 28. Rf1 Rc8 29. Rf3 Qb5 30. d4 exd4 31. Bxd4 Rc2 32. Rg3 Qe2 33. Qxe2 Rxe2
34. Bxf6 Bxe4 35. Bxg7 Kf7 36. Bxh6 Rxa2 37. h4 Bxf5 38. h5 Be4 39. Bf4 a4 40.
bxa4 Rxa4 41. h6 Ra2 42. Rg7+ Kf6 43. Bg5+ Ke6 44. Re7+ Kf5 45. h7 Rxg2+ 46.
Kh3 Rg1 47. Bh4 Bg2+ 48. Kg3 Bd5+ 49. Kf2 1-0

[Event "Ukraine Championship"]
[Site "Kiev UKR"]
[Date "2011.06.21"]
[Round "11"]
[White "Kovchan, Alexander"]
[Black "Eljanov, Pavel"]
[Result "0-1"]
[WhiteElo "2558"]
[BlackElo "2712"]
[PlyCount "150"]
[EventDate "2011.??.??"]

1. e4 e5 2. Nf3 Nc6 3. Nc3 Nf6 4. d4 exd4 5. Nxd4 Bc5 6. Nxc6 bxc6 7. Bd3 O-O
8. O-O Re8 9. h3 h6 10. Qf3 d6 11. Qg3 Nh5 12. Qf3 Qh4 13. Ne2 Nf6 14. e5 Nd5
15. Nf4 Rxe5 16. Nxd5 cxd5 17. Bf4 Re8 18. Qxd5 Bxh3 19. g3 Qf6 20. Rfe1 Qxb2
21. Qc6 Be6 22. Qe4 g6 23. Bxh6 Qd4 24. Be3 Qc3 25. Bxc5 Qxc5 26. Qa4 c6 27.
Re4 Bd5 28. Rg4 Kg7 29. Qf4 Qc3 30. Rf1 Qe5 31. Bc4 Qxf4 32. Rxf4 Bxc4 33. Rxc4
c5 34. Rd1 Re6 35. Rb1 g5 36. Rb7 a5 37. f4 Rae8 38. fxg5 Re4 39. Rc3 Re3 40.
Rxe3 Rxe3 41. Rd7 Rxg3+ 42. Kf2 Rc3 43. Rxd6 Rxc2+ 44. Ke3 Rxa2 45. Rc6 Rc2 46.
Ra6 Rc4 47. Rxa5 Kg6 48. Ra7 Rg4 49. Ra6+ Kxg5 50. Rc6 Rc4 51. Kd3 Rd4+ 52. Ke3
Rd5 53. Ke4 Rf5 54. Rc8 Rf4+ 55. Ke3 Rf5 56. Ke4 Kg4 57. Rc7 Rf3 58. Rxc5 f5+
59. Kd4 f4 60. Rc8 Ra3 61. Ke4 Re3+ 62. Kd4 Re7 63. Kd3 Kg3 64. Rg8+ Kf2 65.
Kd2 Rd7+ 66. Kc2 f3 67. Rg6 Ke2 68. Re6+ Kf1 69. Rg6 f2 70. Rg8 Rd5 71. Rg7 Ke2
72. Re7+ Kf3 73. Rf7+ Ke3 74. Re7+ Kf4 75. Rf7+ Rf5 0-1

[Event "Ukraine Championship"]
[Site "Kiev UKR"]
[Date "2011.06.21"]
[Round "11"]
[White "Moiseenko, Alexander"]
[Black "Ponomariov, Ruslan"]
[Result "0-1"]
[WhiteElo "2679"]
[BlackElo "2754"]
[PlyCount "108"]
[EventDate "2011.??.??"]

1. d4 Nf6 2. c4 e6 3. Nf3 d5 4. Nc3 Bb4 5. cxd5 exd5 6. Bg5 Nbd7 7. e3 c5 8.
Bd3 Qa5 9. Qc2 O-O 10. O-O c4 11. Bf5 Re8 12. Nd2 g6 13. Bh3 Bxc3 14. Qxc3 Qxc3
15. bxc3 Ne4 16. Nxe4 dxe4 17. Rfb1 Nb6 18. Bxc8 Raxc8 19. Rb5 Rc6 20. Ra5 f6
21. Bf4 Rd8 22. Rxa7 Nd5 23. Rxb7 Nxc3 24. Bh6 Rdc8 25. Rg7+ Kh8 26. a4 Nd5 27.
Rd7 Nb4 28. d5 Rc5 29. Bg7+ Kg8 30. Bxf6 c3 31. d6 c2 32. h4 Rd5 33. Kh2 c1=Q
34. Rxc1 Rxc1 35. Rg7+ Kf8 36. Rxh7 Nc6 37. Rc7 Ke8 38. Rc8+ Kd7 39. Rc7+ Kxd6
40. Rg7 Ke6 41. Bb2 Rc2 42. Rxg6+ Kf7 43. Rf6+ Ke7 44. Kg3 Rdd2 45. h5 Rxb2 46.
Rxc6 Rxf2 47. h6 Rxg2+ 48. Kf4 Kf7 49. a5 Rbf2+ 50. Kxe4 Rg4+ 51. Kd3 Ra2 52.
a6 Rga4 53. h7 Kg7 54. h8=B+ Kxh8 0-1

[Event "5th Kings Tournament"]
[Site "Internet Chess Club"]
[Date "2011.06.11"]
[Round "1"]
[White "Carlsen, Magnus"]
[Black "Nakamura, Hikaru"]
[Result "1-0"]
[WhiteElo "2815"]
[BlackElo "2774"]
[PlyCount "76"]
[EventDate "2011.??.??"]
[TimeControl "7200"]

1. d4 d5 2. c4 e6 3. Nc3 Be7 4. cxd5 exd5 5. Bf4 c6 6. Qc2 Bg4 7. e3 Bh5 8. Bd3
Bg6 9. Bxg6 hxg6 10. O-O-O Nf6 11. f3 Nbd7 12. Nge2 b5 13. e4 b4 14. Na4 dxe4
15. fxe4 Qa5 16. Kb1 O-O 17. h4 Rfe8 18. e5 Nd5 19. h5 g5 20. h6 g6 21. Bc1
N7b6 22. Nc5 Bxc5 23. dxc5 b3 24. Qxb3 Qxc5 25. Nd4 Rxe5 26. Nf3 Re2 27. Nxg5
Qe7 28. Qd3 Rf8 29. Rdf1 f5 30. g4 Na4 31. Qd4 Qe5 32. Qxe5 Rxe5 33. gxf5 gxf5
34. Nf3 Re7 35. Rfg1+ Kh7 36. Rg7+ Kh8 37. Rhg1 Rfe8 38. Nh4 Rxg7 1-0

[Event "5th Kings Tournament"]
[Site "Medias, Romania"]
[Date "2011.06.11"]
[Round "1"]
[White "Nisipeanu, Liviu-Dieter"]
[Black "Karjakin, Sergei"]
[Result "1/2-1/2"]
[WhiteElo "2662"]
[BlackElo "2776"]
[PlyCount "40"]
[EventDate "2011.??.??"]
[TimeControl "7200"]

1. d4 Nf6 2. c4 e6 3. Nc3 Bb4 4. e3 O-O 5. Bd3 d5 6. Nf3 c5 7. O-O dxc4 8. Bxc4
cxd4 9. exd4 a6 10. a3 Bxc3 11. bxc3 Qc7 12. Bd3 Qxc3 13. Bf4 Nc6 14. Re1 h6
15. Bd6 Rd8 16. Bc7 Rd7 17. Re3 Qb2 18. Re2 Qc3 19. Re3 Qb2 20. Re2 Qc3 1/2-1/2

[Event "5th Kings Tournament"]
[Site "Medias ROU"]
[Date "2011.06.12"]
[Round "2"]
[White "Ivanchuk, Vassily"]
[Black "Carlsen, Magnus"]
[Result "1/2-1/2"]
[WhiteElo "2776"]
[BlackElo "2815"]
[PlyCount "65"]
[EventDate "2011.06.11"]

1. e4 e5 2. Nf3 Nc6 3. Bb5 Nf6 4. d3 d6 5. O-O Be7 6. Re1 O-O 7. c3 a6 8. Ba4
b5 9. Bc2 d5 10. Nbd2 dxe4 11. dxe4 Be6 12. Bb3 Bxb3 13. axb3 Qd3 14. b4 Rfd8
15. Qb3 Qd7 16. Qc2 Qe6 17. Qb3 Qd7 18. Qc2 Qe6 19. h3 a5 20. bxa5 Rxa5 21.
Rxa5 Nxa5 22. b4 Nb7 23. Qb3 Qxb3 24. Nxb3 Nd7 25. Be3 Nd6 26. Nfd2 Ra8 27. Kf1
f6 28. Ke2 Kf7 29. Kd3 Ke6 30. f3 Ra2 31. Ra1 Rxa1 32. Nxa1 Nb7 33. Nab3
1/2-1/2

[Event "5th Kings Tournament"]
[Site "Medias ROU"]
[Date "2011.06.12"]
[Round "2"]
[White "Radjabov, Teimour"]
[Black "Karjakin, Sergei"]
[Result "1/2-1/2"]
[WhiteElo "2744"]
[BlackElo "2776"]
[PlyCount "179"]
[EventDate "2011.06.11"]

1. Nf3 Nf6 2. c4 c6 3. d4 d5 4. e3 Bf5 5. Nc3 e6 6. Nh4 Bg6 7. Be2 Nbd7 8. O-O
Bd6 9. g3 Qe7 10. b3 Ne4 11. Bb2 Nxc3 12. Bxc3 Bb4 13. Bxb4 Qxb4 14. c5 O-O 15.
a3 Qa5 16. Nxg6 hxg6 17. b4 Qc7 18. f4 a6 19. Bd3 f5 20. Qe2 Nf6 21. Kg2 Qe7
22. a4 Ne4 23. h4 Ra7 24. Rh1 Nf6 25. Qb2 Rfa8 26. Be2 Qf8 27. Qc2 Kf7 28. Rab1
Qe7 29. Rb3 Rh8 30. Bf3 Rha8 31. Qe2 Rh8 32. Rhb1 Ne4 33. Qe1 Nf6 34. R1b2 Rha8
35. Qb1 Qd8 36. Ra2 Ng8 37. Qb2 Ne7 38. Be2 Qd7 39. Ra1 Ng8 40. Rba3 Ne7 41.
Rh1 Ng8 42. Bd3 Nf6 43. Rha1 Ng8 44. Kf3 Ne7 45. Ke2 Ng8 46. b5 axb5 47. axb5
Rxa3 48. Rxa3 Rxa3 49. Qxa3 cxb5 50. Qa5 Ne7 51. Bxb5 Nc6 52. Qa4 Qc8 53. Kd3
Ke7 54. Kc3 Kd8 55. Kb3 Kc7 56. Kb2 Kb8 57. Kc3 Kc7 58. Kd2 Kd8 59. Kd3 Ke7 60.
Ke2 Kf7 61. Ke1 Ke7 62. Kf2 Kf7 63. Be2 Qd8 64. Bb5 Qc8 65. Kf3 Ke7 66. Kg2 Kf7
67. Be2 Qd8 68. Qb5 Qc7 69. Bd3 Kf6 70. Kh3 Kf7 71. Qa4 Qc8 72. Be2 Kf6 73. Kh2
Kf7 74. Kg1 Kf6 75. Kf1 Kf7 76. Ke1 Ke7 77. Kd2 Kd7 78. Qa1 Kc7 79. Bd3 Qd8 80.
Bb5 Qc8 81. Kc3 Qb8 82. Qa4 Qc8 83. Bxc6 bxc6 84. Qa5+ Kd7 85. Qa7+ Qc7 86. Qa8
Qc8 87. Qxc8+ Kxc8 88. Kb4 Kb7 89. Ka5 Ka7 90. Kb4 1/2-1/2

[Event "5th Kings Tournament"]
[Site "Medias ROU"]
[Date "2011.06.13"]
[Round "3"]
[White "Nisipeanu, Liviu-Dieter"]
[Black "Ivanchuk, Vassily"]
[Result "1-0"]
[WhiteElo "2662"]
[BlackElo "2776"]
[PlyCount "107"]
[EventDate "2011.06.11"]

1. e4 e5 2. Nf3 Nc6 3. Bb5 Nf6 4. O-O Nxe4 5. d4 Nd6 6. Bxc6 dxc6 7. dxe5 Nf5
8. Qxd8+ Kxd8 9. Nc3 Ne7 10. Ne4 Ng6 11. b3 Ke8 12. Bb2 c5 13. Nfd2 h5 14. Nc4
b6 15. f4 Ne7 16. Ne3 Nf5 17. Nd5 Bb7 18. Rfd1 Bxd5 19. Rxd5 a5 20. Re1 Rd8 21.
Nf6+ Ke7 22. e6 Rxd5 23. Nxd5+ Kd6 24. exf7 Kxd5 25. Re5+ Kd6 26. Rxf5 Ke6 27.
Rg5 Kxf7 28. Be5 c4 29. Bxc7 Bc5+ 30. Kf1 Rc8 31. Be5 g6 32. f5 gxf5 33. Rxh5
Rd8 34. Bc3 cxb3 35. cxb3 Kg6 36. Rh8 Rd3 37. Rh3 Be3 38. Be1 f4 39. Ke2 Rd8
40. g3 Rc8 41. gxf4 Bxf4 42. Rc3 Re8+ 43. Kd1 Rd8+ 44. Kc2 Re8 45. Bg3 Be3 46.
Kd3 Bc5 47. Kc4 a4 48. Kb5 axb3 49. axb3 Re2 50. Bc7 Re6 51. b4 Be7 52. Rc4 Kf5
53. Bxb6 Bd6 54. Bc7 1-0

[Event "5th Kings Tournament"]
[Site "Medias ROU"]
[Date "2011.06.14"]
[Round "4"]
[White "Karjakin, Sergei"]
[Black "Carlsen, Magnus"]
[Result "1/2-1/2"]
[WhiteElo "2776"]
[BlackElo "2815"]
[PlyCount "69"]
[EventDate "2011.06.11"]

1. e4 c6 2. d4 d5 3. e5 Bf5 4. Nf3 e6 5. Be2 Ne7 6. O-O c5 7. c4 Nbc6 8. dxc5
d4 9. Bd3 Bxd3 10. Qxd3 Ng6 11. Qe4 Bxc5 12. a3 a5 13. Nbd2 Bb6 14. Rb1 a4 15.
b4 axb3 16. Rxb3 O-O 17. c5 Bxc5 18. Rxb7 Qd5 19. Qxd5 exd5 20. Nb3 Bxa3 21.
Bxa3 Rxa3 22. Nbxd4 Ngxe5 23. Nxc6 Nxc6 24. Rc7 Rc3 25. Re1 Rc4 26. Rd7 Nb4 27.
g3 h6 28. Ree7 Nc6 29. Re1 Rc5 30. Kg2 Nb4 31. Ree7 Nc6 32. Re1 Rb8 33. h4 Rc8
34. Rb1 d4 35. Nxd4 1/2-1/2

[Event "5th Kings Tournament"]
[Site "Medias ROU"]
[Date "2011.06.14"]
[Round "4"]
[White "Nakamura, Hikaru"]
[Black "Ivanchuk, Vassily"]
[Result "1/2-1/2"]
[WhiteElo "2774"]
[BlackElo "2776"]
[PlyCount "97"]
[EventDate "2011.06.11"]

1. d4 Nf6 2. c4 e6 3. Nc3 Bb4 4. e3 Nc6 5. Bd3 e5 6. Nge2 d5 7. cxd5 Nxd5 8. e4
Nb6 9. d5 Ne7 10. O-O O-O 11. Bg5 Kh8 12. a3 Bd6 13. Nb5 h6 14. Be3 c6 15. dxc6
Nxc6 16. Nxd6 Qxd6 17. Qc2 Rd8 18. Rad1 Be6 19. Bb5 Qe7 20. Qc3 f6 21. Bxc6
bxc6 22. Bxb6 axb6 23. Qxc6 Rdc8 24. Qd6 Qxd6 25. Rxd6 Bc4 26. Rd2 b5 27. f3 b4
28. axb4 Bxe2 29. Rxe2 Rab8 30. b3 Rxb4 31. Rb1 h5 32. Kf2 h4 33. Rbb2 Kh7 34.
Re3 Kg6 35. Rd3 Kg5 36. Ke3 g6 37. Ra2 Rcb8 38. Ra3 f5 39. exf5 gxf5 40. Kd2
Kf4 41. Kc3 R4b7 42. Ra4+ e4 43. fxe4 Rxb3+ 44. Kc4 Rxd3 45. Kxd3 Rd8+ 46. Ke2
fxe4 47. g3+ hxg3 48. hxg3+ Kxg3 49. Rxe4 1/2-1/2

[Event "5th Kings Tournament"]
[Site "Medias ROU"]
[Date "2011.06.14"]
[Round "4"]
[White "Nisipeanu, Liviu-Dieter"]
[Black "Radjabov, Teimour"]
[Result "1/2-1/2"]
[WhiteElo "2662"]
[BlackElo "2744"]
[PlyCount "62"]
[EventDate "2011.06.11"]

1. e4 e5 2. Nf3 Nc6 3. Bb5 f5 4. d3 fxe4 5. dxe4 Nf6 6. O-O Bc5 7. Qd3 Nd4 8.
Nxd4 Bxd4 9. Nd2 a6 10. Ba4 Qe7 11. Nf3 Bb6 12. Bg5 O-O 13. Bxf6 gxf6 14. Nh4
d6 15. Kh1 Kh8 16. f4 Bg4 17. c3 Rad8 18. Bb3 c6 19. Qg3 Qg7 20. fxe5 fxe5 21.
h3 Bc8 22. Qxg7+ Kxg7 23. g4 Be3 24. Nf5+ Bxf5 25. Rxf5 Rxf5 26. gxf5 d5 27.
Rd1 d4 28. cxd4 Bxd4 29. Be6 Kf6 30. Kg2 Re8 31. b3 Re7 1/2-1/2

[Event "5th Kings Tournament"]
[Site "Medias ROU"]
[Date "2011.06.15"]
[Round "5"]
[White "Carlsen, Magnus"]
[Black "Nisipeanu, Liviu-Dieter"]
[Result "1-0"]
[WhiteElo "2815"]
[BlackElo "2662"]
[PlyCount "61"]
[EventDate "2011.06.11"]

1. d4 d5 2. c4 dxc4 3. e3 Nf6 4. Bxc4 e6 5. Nf3 c5 6. O-O a6 7. dxc5 Bxc5 8.
Qxd8+ Kxd8 9. Be2 Ke7 10. Nbd2 Bd7 11. Nb3 Bd6 12. Na5 Ra7 13. Nc4 Bb5 14. b3
Rd8 15. Bb2 Bxc4 16. Bxc4 Nc6 17. Rfd1 Raa8 18. h3 g6 19. g4 h6 20. Bf1 Rac8
21. Rac1 Nd5 22. h4 Ke8 23. g5 hxg5 24. hxg5 Be7 25. Kg2 Nb6 26. Bd3 Nb4 27.
Be4 Nxa2 28. Rxd8+ Kxd8 29. Rh1 Nd5 30. Ne5 f5 31. Bxd5 1-0

[Event "5th Kings Tournament"]
[Site "Medias ROU"]
[Date "2011.06.15"]
[Round "5"]
[White "Ivanchuk, Vassily"]
[Black "Karjakin, Sergei"]
[Result "0-1"]
[WhiteElo "2776"]
[BlackElo "2776"]
[PlyCount "74"]
[EventDate "2011.06.11"]

1. e4 e5 2. Nf3 Nc6 3. Bc4 Bc5 4. c3 Nf6 5. d3 O-O 6. O-O d6 7. h3 Ne7 8. Re1
Ng6 9. Nbd2 c6 10. Nf1 d5 11. exd5 Nxd5 12. Ng3 h6 13. Bb3 Re8 14. Bd2 Bb6 15.
Qc2 Be6 16. Rad1 Bxh3 17. c4 Ndf4 18. c5 Nxg2 19. cxb6 Qf6 20. Nh2 Nxe1 21.
Rxe1 axb6 22. Bc3 Be6 23. Re3 Nf4 24. Rf3 Qh4 25. Bd2 Bg4 26. Qc4 Be6 27. Qc2
Bxb3 28. Qxb3 Re6 29. a3 Rae8 30. Qb4 Rf6 31. Qe4 Ree6 32. Ne2 Nxe2+ 33. Qxe2
Rxf3 34. Qxf3 Rg6+ 35. Kh1 Rf6 36. Qg3 Qxg3 37. fxg3 Rd6 0-1

[Event "5th Kings Tournament"]
[Site "Medias ROU"]
[Date "2011.06.17"]
[Round "6"]
[White "Karjakin, Sergey"]
[Black "Nisipeanu, Liviu-Dieter"]
[Result "1-0"]
[WhiteElo "2776"]
[BlackElo "2662"]
[PlyCount "131"]
[EventDate "2011.06.11"]

1. e4 e5 2. Nf3 Nc6 3. Bb5 f5 4. Nc3 fxe4 5. Nxe4 d5 6. Nxe5 dxe4 7. Nxc6 Qg5
8. Qe2 Nf6 9. f4 Qxf4 10. d4 Qd6 11. Ne5+ c6 12. Bc4 Be6 13. c3 Bxc4 14. Qxc4
Qd5 15. Qb3 Bd6 16. Qxb7 O-O 17. Qxc6 Qxc6 18. Nxc6 Ng4 19. Ne5 Bxe5 20. dxe5
e3 21. h3 Nxe5 22. Bxe3 Nc4 23. Bc5 Rae8+ 24. Kd1 Nxb2+ 25. Kd2 Rf5 26. Bxa7
Rf7 27. Bc5 Rd7+ 28. Kc2 Re2+ 29. Kb3 Rb7+ 30. Bb4 Nd3 31. a4 Nxb4 32. cxb4
Re3+ 33. Kc2 Rxb4 34. a5 Rc4+ 35. Kd2 Ree4 36. Ra3 Red4+ 37. Ke3 Re4+ 38. Kf3
Rf4+ 39. Kg3 Rf7 40. Rb1 Ra7 41. a6 Rcc7 42. Rb6 h6 43. Kf4 Re7 44. h4 Rac7 45.
Ra4 Kh7 46. g4 Ra7 47. h5 Rac7 48. Rd6 Rc8 49. Ra3 Rf8+ 50. Kg3 Rb8 51. Rc3 Rb4
52. Rd8 Rb6 53. Ra8 Rf7 54. Rcc8 Rb3+ 55. Kh4 g5+ 56. hxg6+ Kxg6 57. Rc6+ Kg7
58. Rd8 Rb1 59. Rdd6 Rh1+ 60. Kg3 Rg1+ 61. Kh3 Rf3+ 62. Kh2 Rgf1 63. Rd7+ Rf7
64. Rxf7+ Rxf7 65. Rc2 h5 66. Ra2 1-0